| 000 | 00599cam a2200217 a 4500 | ||
|---|---|---|---|
| 001 | 000019287 | ||
| 005 | 20200929165955.0 | ||
| 008 | 780104s1966 sp 000 1 spa | ||
| 040 |
_aDO-SdBNP _bspa _cLC _dBNPHU |
||
| 050 | 0 | 0 |
_aPQ6623.A816 _bE7 1943 |
| 082 |
_ann* _bA996e, 1966 |
||
| 100 | 0 |
_aAzorín, _d1873-1967 _95278 |
|
| 245 | 1 | 3 |
_aEl escritor : _b(novela) / _cAzorín. |
| 250 | _a5a ed. | ||
| 260 |
_aMadrid : _bEspasa Calpe, _c1966. |
||
| 300 |
_a150 p. ; _c18 cm. |
||
| 490 | 1 |
_aAustral, _v261 |
|
| 830 | 0 |
_aAustral ; _v261 _93065 |
|
| 910 | _aCatalogación derivada / LC | ||
| 049 | _aBNGR | ||
| 999 |
_c18805 _d18805 |
||